10 Least Known Countries by Continent - Statistics

General Stats
  • This quiz has been taken 210 times
    136 since last reset
  • The average score is 48 of 60
Answer Stats
Continent % Country % Correct
Europe %43 Andorra
92%
Europe %35 San Marino
90%
Europe %48 Vatican City
90%
South America %44 Guyana
88%
Europe %41 Liechtenstein
88%
North America %45 Belize
87%
South America %86 Chile
87%
South America %65 Paraguay
87%
Africa %22 São Tomé and Príncipe
87%
South America %41 Suriname
87%
South America %78 Peru
86%
North America %24 Saint Vincent and the Grenadines
86%
South America %65 Bolivia
85%
South America %59 Ecuador
85%
Europe %43 Monaco
85%
South America %87 Argentina
84%
North America %35 Barbados
84%
Europe %39 Kosovo
84%
South America %65 Venezuela
84%
South America %74 Colombia
83%
North America %24 Grenada
83%
Oceania %26 Marshall Islands
83%
North America %28 Saint Kitts and Nevis
83%
North America %28 Saint Lucia
83%
Oceania %23 Nauru
82%
Oceania %29 Tonga
82%
North America %37 Trinidad and Tobago
82%
Oceania %25 Tuvalu
82%
Asia %29 Brunei
81%
Oceania %24 Kiribati
81%
Oceania %24 Palau
81%
Oceania %26 Vanuatu
81%
North America %28 Antigua and Barbuda
80%
North America %44 El Salvador
80%
Europe %42 Moldova
80%
Europe %42 Montenegro
80%
Oceania %30 Samoa
80%
Oceania %28 Solomon Islands
80%
Oceania %31 Federated States of Micronesia
78%
Asia %28 East Timor
76%
Europe %44 Malta
76%
Asia %36 Kyrgyzstan
75%
North America %47 Nicaragua
75%
Africa %31 Seychelles
75%
Asia %33 Bahrain
74%
Africa %29 Cape Verde
74%
Africa %23 Comoros
74%
Africa %32 Mauritius
74%
Africa %29 Equatorial Guinea
73%
Africa %27 Guinea-Bissau
72%
Asia %42 Bhutan
71%
Europe %53 Bosnia and Herzegovina
71%
Africa %28 Burundi
70%
Asia %37 Tajikistan
69%
Asia %42 Kuwait
68%
Asia %43 Azerbaijan
67%
Asia %45 Armenia
66%
Asia %35 Maldives
66%
Africa %31 Gabon
62%
Africa %30 Burkina Faso
60%
No matching quizzes found
Score Distribution
Percent of People with Each Score
Percentile by Number Answered
Your Score History
You have not taken this quiz since the last reset